Genetics: A Conceptual Approach (Record no. 1688472)

MARC details
000 -LEADER
fixed length control field 00320 a2200133 4500
000 - LEADER
fixed length control field nam a22 7a 4500
005 - DATE AND TIME OF LATEST TRANSACTION
control field 20260305162122.0
020 ## - INTERNATIONAL STANDARD BOOK NUMBER
International Standard Book Number 9781319546700
100 ## - MAIN ENTRY--PERSONAL NAME
Personal name Benjamin A. Pierce
9 (RLIN) 1123606
245 ## - TITLE STATEMENT
Title Genetics: A Conceptual Approach
250 ## - EDITION STATEMENT
Edition statement 7th
260 ## - PUBLICATION, DISTRIBUTION, ETC.
Name of publisher, distributor, etc. Macmillan
Date of publication, distribution, etc. 2024
942 ## - ADDED ENTRY ELEMENTS (KOHA)
Koha item type Textual
Holdings
Withdrawn status Lost status Source of classification or shelving scheme Damaged status Not for loan Home library Current library Date acquired Source of acquisition Cost, normal purchase price Inventory number Total Checkouts Barcode Date last seen Cost, replacement price Price effective from Koha item type
    Colon Classification (CC)   Ordered South Campus Library South Campus Library 2026-03-06 93 7513.61 022 & 04/12/2025   SC1691556 2026-03-06 9392.01 2026-03-06 Textual
    Colon Classification (CC)   Ordered South Campus Library South Campus Library 2026-03-06 93 7513.61 022 & 04/12/2025   SC1691554 2026-03-06 9392.01 2026-03-06 Textual
    Colon Classification (CC)   Ordered South Campus Library South Campus Library 2026-03-06 93 7513.61 022 & 04/12/2025   SC1691555 2026-03-06 9392.01 2026-03-06 Textual
    Colon Classification (CC)   Ordered South Campus Library South Campus Library 2026-03-06 93 7513.61 022 & 04/12/2025   SC1691557 2026-03-06 9392.01 2026-03-06 Textual
    Colon Classification (CC)   Ordered South Campus Library South Campus Library 2026-03-06 93 7513.61 022 & 04/12/2025   SC1691553 2026-03-06 9392.01 2026-03-06 Textual
Copyright @ Delhi University Library System